Byrne and another v Pain & Foster (a firm) and others (Record no. 61721)

MARC details
000 -LEADER
fixed length control field 01217cam a2200229 4500
001 - CONTROL NUMBER
control field ABS61618
008 - FIXED-LENGTH DATA ELEMENTS--GENERAL INFORMATION
fixed length control field 000000n1999 000 0 eng u
035 ## - SYSTEM CONTROL NUMBER
System control number (Sirsi) u102735
245 ## - TITLE STATEMENT
Title Byrne and another v Pain & Foster (a firm) and others
260 ## - PUBLICATION, DISTRIBUTION, ETC.
Date of publication, distribution, etc. 1999
490 ## - SERIES STATEMENT
Series statement Weekly Law Reports
Volume/sequential designation [1999] 1 WLR 1849-1859(11)
520 ## - SUMMARY, ETC.
Summary, etc. CA 11 December 1998. The plaintiffs (B) bought a property, their mortgagees having first commissioned a valuation report from the first defendants (P), which was carried out by the second defendant, a surveyor. Defects then came to light, and in 1994 B issued a writ against P, claiming that the report was negligent and that they had suffered loss in purchasing the property. P pleaded that the claim was time-barred under the Limitation Act 1980 S2 since it was more than 6 years since the cause of action accrued, and the judge agreed. B appealed. "Held" appeal dismissed.
590 ## - LOCAL NOTE (RLIN)
Local note ABS
650 ## - SUBJECT ADDED ENTRY--TOPICAL TERM
Topical term or geographic name entry element LIMITATION ACT 1980 S2
650 ## - SUBJECT ADDED ENTRY--TOPICAL TERM
Topical term or geographic name entry element LIMITATION OF ACTION
650 ## - SUBJECT ADDED ENTRY--TOPICAL TERM
Topical term or geographic name entry element NEGLIGENCE
650 ## - SUBJECT ADDED ENTRY--TOPICAL TERM
Topical term or geographic name entry element VALUATION REPORT
650 ## - SUBJECT ADDED ENTRY--TOPICAL TERM
Topical term or geographic name entry element TIME-BARRED
650 ## - SUBJECT ADDED ENTRY--TOPICAL TERM
Topical term or geographic name entry element BYRNE AND ANOTHER V PAIN & FOSTER AND OTHERS
690 ## - LOCAL SUBJECT ADDED ENTRY--TOPICAL TERM (OCLC, RLIN)
Topical term or geographic name as entry element RATING AND VALUATION-CASE LAW
942 ## - ADDED ENTRY ELEMENTS (KOHA)
Suppress in OPAC 0
Holdings
Withdrawn status Lost status Source of classification or shelving scheme Damaged status Not for loan Home library Current library Shelving location Date acquired Total Checkouts Full call number Barcode Date last seen Copy number Price effective from Koha item type
    Dewey Decimal Classification     London London Journal article 24/11/1999   ABS61618 102735-1001 06/08/2019 1 06/08/2019 Law report